| 000 -LEADER |
| fixed length control field |
00569nam a2200157 4500 |
| 008 - FIXED-LENGTH DATA ELEMENTS--GENERAL INFORMATION |
| fixed length control field |
240220b ||||| |||| 00| 0 eng d |
| 040 ## - CATALOGING SOURCE |
| Original cataloging agency |
BMS College of Architecture |
| 100 ## - MAIN ENTRY--PERSONAL NAME |
| Personal name |
David Shebuel Stephen |
| 245 ## - TITLE STATEMENT |
| Title |
Green Canvas An Institution of Urban Agriculture for Research and Innovation, Hyderabad, Telangana |
| 300 ## - PHYSICAL DESCRIPTION |
| Extent |
65 |
| 500 ## - GENERAL NOTE |
| General note |
1CF19AT023 |
| 502 ## - DISSERTATION NOTE |
| Degree type |
B,Arch |
| Name of granting institution |
BMS College of Architecture, Visvesvaraya Technological University (VTU) |
| Dissertation note |
Project report |
| Year degree granted |
2023 |
| 700 ## - ADDED ENTRY--PERSONAL NAME |
| Personal name |
Ketki Tendolkar |
| Relator term |
Guide |
| 710 ## - ADDED ENTRY--CORPORATE NAME |
| Corporate name or jurisdiction name as entry element |
Ramaraju G, |
| -- |
Guide |
| 942 ## - ADDED ENTRY ELEMENTS (KOHA) |
| Source of classification or shelving scheme |
|
| Koha item type |
UG-Thesis and Dissertations |